000 00834nam a2200157Ia 4500
008 100122s9999 xx 000 0 und d
082 _b64781
_a923.254
100 _aसुरवाडे विजय
245 _aसमकालीन सहकाऱ्यांच्या आठवणीतील डॉ. बाबासाहेब आंबेडकर
260 _bलोकवाड.मय गृह प्रकाशन
_c2003
300 _a355
630 _aसमकालीन सहकाऱ्यांच्या आठवणीतील डॉ. बाबासाहेब आंबेडकर
700 _aआंबेडकर
730 _aसमकालीन सहकाऱ्यांच्या आठवणीतील डॉ. बाबासाहेब आंबेडकर
942 _cBOOK
999 _c438192
_d438189